00480nam a2200205Ia 4500008004100000020001800041245002600059245002000085245002100105260001500126260001600141260000900157300001400166300002500180300001000205440002700215440000600242500000700248999001900255170705s9999 xx 000 0 und d a9780439741828 aDribble and dazzle! : bNBA in action / cMichael Sandler. aNew York : bScholastic, c2006 a8 pages : bcolor illustration ; c23cm. aScholastic FX books ;  v4 a30 c335891d335891